Zimbabwean business : (Record no. 2263)
[ view plain ]
| 000 -LEADER | |
|---|---|
| fixed length control field | 00877cam a22002774a 4500 |
| 001 - CONTROL NUMBER | |
| control field | 14451212 |
| 003 - CONTROL NUMBER IDENTIFIER | |
| control field | GZU |
| 005 - DATE AND TIME OF LATEST TRANSACTION | |
| control field | 20201028113714.0 |
| 008 - FIXED-LENGTH DATA ELEMENTS--GENERAL INFORMATION | |
| fixed length control field | 060714s2004 rh 000 0 eng c |
| 010 ## - LIBRARY OF CONGRESS CONTROL NUMBER | |
| LC control number | 2006318426 |
| 035 ## - SYSTEM CONTROL NUMBER | |
| System control number | (CStRLIN)CUBGGLAD152071003-B |
| 035 ## - SYSTEM CONTROL NUMBER | |
| System control number | (CU)GLAD152071003 |
| 040 ## - CATALOGING SOURCE | |
| Original cataloging agency | INU |
| Transcribing agency | STF |
| Modifying agency | CUY |
| -- | DLC |
| 042 ## - AUTHENTICATION CODE | |
| Authentication code | pcc |
| -- | lcode |
| 043 ## - GEOGRAPHIC AREA CODE | |
| Geographic area code | f-rh--- |
| 050 00 - LIBRARY OF CONGRESS CALL NUMBER | |
| Classification number | HC 910 |
| Item number | .KUR 2004 |
| 100 1# - MAIN ENTRY--PERSONAL NAME | |
| Personal name | Kurotwi, Lovemore. |
| 245 10 - TITLE STATEMENT | |
| Title | Zimbabwean business : |
| Remainder of title | how colonialism underdeveloped Zimbabwe / |
| Statement of responsibility, etc. | Lovemore Kurotwi. |
| 260 ## - PUBLICATION, DISTRIBUTION, ETC. | |
| Place of publication, distribution, etc. | Harare, Zimbabwe : |
| Name of publisher, distributor, etc. | RAE, |
| Date of publication, distribution, etc. | c2004. |
| 300 ## - PHYSICAL DESCRIPTION | |
| Extent | 79 leaves ; |
| Dimensions | 21 cm. |
| 651 #0 - SUBJECT ADDED ENTRY--GEOGRAPHIC NAME | |
| Geographic name | Zimbabwe |
| General subdivision | Economic conditions. |
| 651 #0 - SUBJECT ADDED ENTRY--GEOGRAPHIC NAME | |
| Geographic name | Zimbabwe |
| General subdivision | Colonial influence. |
| 906 ## - LOCAL DATA ELEMENT F, LDF (RLIN) | |
| a | 7 |
| b | cbc |
| c | pccadap |
| d | 3 |
| e | ncip |
| f | 20 |
| g | y-gencatlg |
| 942 ## - ADDED ENTRY ELEMENTS (KOHA) | |
| Source of classification or shelving scheme | Library of Congress Classification |
| Koha item type | Books |
| Classification part | 910 |
| Item part | KUR |
| Call number prefix | HC |
| Withdrawn status | Lost status | Damaged status | Not for loan | Collection code | Home library | Current library | Shelving location | Date acquired | Total Checkouts | Full call number | Barcode | Date last seen | Copy number | Price effective from | Koha item type |
|---|---|---|---|---|---|---|---|---|---|---|---|---|---|---|---|
| Non-fiction | City Campus Library | City Campus Library | General Stacks | 10/28/2020 | HC 910 KUR 2004 | B018105 | 10/28/2020 | c.1 | 10/28/2020 | Books | |||||
| Non-fiction | City Campus Library | City Campus Library | General Stacks | 10/28/2020 | HC 910 KUR 2004 | B018072 | 10/28/2020 | c.2 | 10/28/2020 | Books | |||||
| Non-fiction | City Campus Library | City Campus Library | General Stacks | 10/28/2020 | HC 910 KUR 2004 | B018129 | 10/28/2020 | c.3 | 10/28/2020 | Books |